| 000 | 00836nam a22001577a 4500 | ||
|---|---|---|---|
| 008 | 180815b xxu||||| |||| 00| 0 eng d | ||
| 020 | _a9788189005924 | ||
| 082 | _a JA26.J68(1999 vol.77) | ||
| 100 | _aSAHOO, Padma Prof. | ||
| 245 | _aDevelopmental psychology. / | ||
| 260 |
_aNew Delhi: _bSaurabh, _c2011. |
||
| 300 | _a246p.: | ||
| 500 | _aIncludes index and bibliographical references. | ||
| 505 | _aContents: Developmental psychology: Nature and significance -- Developmental psychology and genetic change -- Violence, philanthropy and self-regulation -- Developmental psychology and genetics -- Dynamic system for development theories -- Ecological,dynamic systems for human thinking -- Cognitive development -- Information processing approach for development -- Interpretations of socio-emotional milestones | ||
| 942 |
_2lcc _cBK |
||
| 999 |
_c6667 _d14167 |
||